000 00608nam a2200205Ii 4500
003 JO-AjNU
008 230606s9999||||xx |||||||||||||| ||und||
020 _a0-534-38447-1
040 _aJO-AjNU
_beng
_erda
_cJO-AjNU
041 _aeng
050 1 4 _aQA76.76.E95 .G53 2005
100 3 _aGiarratano,Joseph,
_eauthor
_9603
245 0 0 _a Expert systems : principles and programming
264 3 1 _aAustralia:THOMSON,2003
300 _a840p
336 _atext
_btxt
_2rdacontent
337 _aunmediated
_bn
_2rdamedia
338 _avolume
_bnc
_2rdacarrier
650 4 _a Expert systems (Computer science) 
_9604
999 _aE318
_c318
_d318